banner-ar

SABRE: RESERVATION AND TICKETING \ INSTITUTE OF CERTIFIED / (Record no. 13135)

MARC details
000 -الفاتح
حقل البيانات ثابتة الطول 00612nam a2200205Ia 4500
008 - عناصر البيانات ثابتة الطول - معلومات عامة
حقل البيانات ثابتة الطول 140319s9999 xx 000 0 eng d
040 ## - مصدر الفهرسة
وكالة الفهرسة الأصلية GCL /
وكالة النسخ GCL
082 04 - رقم تصنيف ديوى العشرى
رقم التصنيف 387.742
رقم المادة D S
100 1# - المدخل الرئيسى - إسم شخصى
الإسم الشخصى DAVIDOFF, PHILIP G.
245 10 - بيان العنوان
العنوان SABRE: RESERVATION AND TICKETING \ INSTITUTE OF CERTIFIED /
بيان المسئوليه,etc DAVIDOFF, PHILIP G.
700 1# - المدخل الاضافى - اسم شخصى
الإسم الشخصى DAVIDOFF, DORIS S.
700 1# - المدخل الاضافى - اسم شخصى
الإسم الشخصى DAVIDOFF, DONALD M
700 1# - المدخل الاضافى - اسم شخصى
الإسم الشخصى FINN, SHARON
260 ## - PUBLICATION, DISTRIBUTION, ETC. (IMPRINT)
تاريخ النشر أو التوزيع 1996
300 ## - الوصف المادى
التعداد 329 P
650 04 - المدخل الاضافى بالموضوع-مصطلح موضوعى
مصطلح موضوعي SABRE ( COMPUTER SYSTEM )
650 04 - المدخل الاضافى بالموضوع-مصطلح موضوعى
مصطلح موضوعي AIRLINES - U.S.A - RESERVATION SYSTEMS
942 ## - عناصر المدخل الإضافي( كوها)
مصدر التصنيف او مخطط الترفيف Dewey Decimal Classification
Koha [default] item type كتاب
260 ## - PUBLICATION, DISTRIBUTION, ETC. (IMPRINT)
-- [S.N] :
-- IRWIN MIRROR PRESS ،
Holdings
حالة التراجع حالة الفقد حالة تلف ليس للاعارة المكان المؤقت الموقع الحالى تاريخ الاكتساب اجمالي اﻻعارات رقم الطلب الباركود تاريخ اخر مشاهدة تاريخ تفعيل السعر نوع وعاء كوها
        مكتبة القاهرة الكبرى مكتبة القاهرة الكبرى 03/26/2014   387.742\D S 25322 03/26/2014 03/26/2014 كتاب
        مكتبة القاهرة الكبرى مكتبة القاهرة الكبرى 03/26/2014   387.742\D S 25323 03/26/2014 03/26/2014 كتاب

Powered By

EGPV